LEADER 00956nam a2200229 i 4500 001 991002209759707536 008 070309s1957 it 000 0 ita d 035 $ab13492317-39ule_inst 040 $aISUFI - Sett. Patrimonio Culturale$bita 082 0 $a808$222 100 1 $aGreco, Michele$06501 245 10$aDel genio in riva ... :$blu scegnu /$cMichele Greco 260 $aManduria :$bEd. Tip. Lacaita,$c1957 300 $a31 p., [5] c. di tav. :$bill. ;$c25 cm 650 4$aLegends$xHistory$zManduria 907 $a.b13492317$b16-09-15$c09-03-07 912 $a991002209759707536 945 $aLE003 Fondo Parenzan 850 GRE1 (1957)$g1$lle003$og$pE0.00$q-$rs$s- $t0$u0$v0$w0$x0$y.i15693120$z16-09-15 945 $aLE016 FIL 4 139 $g1$i2016000052251$lle016$nFondo Nenci$on$pE5.00$q-$rn$so $t0$u0$v0$w0$x0$y.i14388376$z09-03-07 996 $aDel genio in riva ...$91096543 997 $aUNISALENTO 998 $ale016$ale003$b09-03-07$cm$da $e-$fita$git $h0$i0 LEADER 01913nas 2200505-a 450 001 9910223637603321 005 20240413022356.0 035 $a(CKB)110978977124068 035 $a(CONSER)---86648269- 035 $a(EXLCZ)99110978977124068 100 $a19860402a19859999 --- a 101 0 $aeng 181 $ctxt$2rdacontent 182 $cc$2rdamedia 183 $acr$2rdacarrier 200 10$aBuilders merchants journal $eBMJ 210 $a[Tonbridge, Kent] $cBenn Publications 215 $a1 online resource 311 08$aPrint version: Builders merchants journal (Tonbridge and Malling, England : 1985) 0268-1323 (DLC) 86648269 (OCoLC)13378043 517 3 $aBMJ 531 $aBUILDERS MERCHANTS JOURNAL THE BUSINESS JOURNAL FOR BUILDING SUPPLIES DISTRIBU 606 $aBuilding materials industry$zGreat Britain$vPeriodicals 606 $aLumber trade$zGreat Britain$vPeriodicals 606 $aHouse furnishings industry and trade$zGreat Britain$vPeriodicals 606 $aBuilding fittings industry$zGreat Britain$vPeriodicals 606 $aBuilding fittings industry$2fast$3(OCoLC)fst00840672 606 $aBuilding materials industry$2fast$3(OCoLC)fst00840771 606 $aHouse furnishings industry and trade$2fast$3(OCoLC)fst00961996 606 $aLumber trade$2fast$3(OCoLC)fst01003543 607 $aGreat Britain$2fast 608 $aPeriodicals.$2fast 615 0$aBuilding materials industry 615 0$aLumber trade 615 0$aHouse furnishings industry and trade 615 0$aBuilding fittings industry 615 7$aBuilding fittings industry. 615 7$aBuilding materials industry. 615 7$aHouse furnishings industry and trade. 615 7$aLumber trade. 676 $a381/.4568 906 $aJOURNAL 912 $a9910223637603321 920 $aexl_impl conversion 996 $aBuilders merchants journal$92387934 997 $aUNINA